Can you name these marvel Super Heroes? Quiz Stats

 Plays Quiz not verified by Sporcle

Challenge
Share
Tweet
Score 0/85 Timer 12:00
1 Play Today
% Correct
Thor
95.1%
Hulk
84%
Ant Man
83.7%
Nova
82.4%
Beast
80.3%
Vision
80.2%
Black Panther
79.7%
Red Hulk
79.4%
Black Widow
79.1%
Scarlet Witch
78.9%
Iron Man
77.6%
Thing
77.4%
Hercules
76.6%
Wolverine
76.4%
Dr. Strange
76.3%
She Hulk
76%
Captain America
75.9%
Quicksilver
75.7%
Hawkeye
75.1%
Luke Cage
74.7%
Winter Soldier
73.9%
Storm
72.3%
Groot
72.3%
War Machine
71.3%
Deadpool
70.6%
Iron Fist
69.1%
Punisher
67.8%
Ghost Rider
67.1%
Falcon
66.6%
% Correct
Spiderman
66.4%
Iceman
66.4%
Blade
66%
Rocket Raccoon
65%
Angel
63.8%
Spider-Woman
63.6%
Rogue
63.4%
Colossus
62.3%
Star-Lord
62.3%
Drax
62.1%
Wasp
61%
Captain Britain
60.3%
Nightcrawler
59.7%
Human Torch
59.6%
Mr. Fantastic
59.6%
Ms. Marvel
57.1%
Gambit
57.1%
X-23
56.7%
Cable
56.6%
Gamora
56.5%
Phoenix
55.4%
Moonknight
54.9%
Daredevil
54.9%
Elektra
54.9%
Howard the Duck
54.4%
Cyclops
54.2%
Red She Hulk
53.6%
Black Cat
52.9%
Invisible Woman
52.4%
% Correct
Heimdall
51.7%
Tigra
51.6%
Havok
50.1%
Spider-Girl
48.6%
Ares
48.3%
Domino
47.2%
Valkyrie
45.9%
Spider-Gwen
45.6%
Psylocke
45.6%
Black Bolt
45.2%
Beta Ray Bill
44.5%
Emma Frost
44.5%
Medusa
44.2%
Bishop
42.9%
Sif
42.1%
Black Knight
41.8%
Cannonball
37.8%
Sunfire
35.3%
Spiderman 2099
34.8%
Union Jack
34.7%
Ka-Zar
33.7%
Volstagg
33.5%
Kitty Pryde
33.3%
Fandral
28.6%
Rescue
28.1%
A-Bomb
23%
Shanna
22.4%

You're not logged in!

Compare scores with friends on all Sporcle quizzes.
OR
Log In

You Might Also Like...

Show Comments

Extras

Top Quizzes Today


Score Distribution

Your Account Isn't Verified!

In order to create a playlist on Sporcle, you need to verify the email address you used during registration. Go to your Sporcle Settings to finish the process.

Report this User

Report this user for behavior that violates our Community Guidelines.

Details: